Bangladesh: Making of a Nation An Economists Tale
| Autore principale: | |
|---|---|
| Natura: | Sconosciuto |
| Pubblicazione: |
UPL
|
| LEADER | 00191 a2200085 4500 | ||
|---|---|---|---|
| 100 | |a Nurul Islam | ||
| 245 | |a Bangladesh: Making of a Nation An Economists Tale | ||
| 260 | |b UPL | ||
| 942 | |c 1HOUR | ||
| 999 | |c 45989 |d 45989 | ||